000
00258nam a2200097Ia 4500
008
240331s9999 xx 000 0 und d
082
_b
FIN
100
_a
Saradamoni, K, . ed
245
0
_a
Finding the household :
_b
conceptual and methodological issues
942
_c
L
999
_c
2187
_d
2187